A la découverte des fresques du Tassili /

Gorde:
Xehetasun bibliografikoak
Egile nagusia: Lhote, Henri (autor)
Formatua: Liburua
Hizkuntza:frantsesa
Argitaratua: París, Francia : Arthaud, 1958, c1958
Saila:(Signes des Temps ; 3)
Gaiak:
Etiketak: Etiketa erantsi
Etiketarik gabe, Izan zaitez lehena erregistro honi etiketa jartzen!

MARC

LEADER 00000nam^a2200000^a^4500
001 000102989
005 20250521000000.0
009 20260310093333.736
037 |a Acervo ITESO - Biblioteca 
041 |a FRA 
082 |a 759. 96601  |b LHO 
100 |a Lhote, Henri  |e (autor) 
245 1 0 |a A la découverte des fresques du Tassili /  |c H. Lhote. 
264 4 |a París, Francia :  |b Arthaud,  |c 1958, c1958 
300 |a 267 p. 
336 |a texto  |b txt  |2 rdacontenido 
337 |a sin mediación  |b n  |2 rdamedio 
338 |a volumen  |b nc  |2 rdasoporte 
440 1 |a (Signes des Temps ;  |v 3) 
649 |a XX 
650 |a Pintura Rupestre -  |z Sahara 
650 |a Pintura Rupestre -  |z Africa 
650 |a Pintura Prehistórica -  |z Africa 
650 |a Pintura Mural -  |z Africa 
650 |a Arte Prehistórico -  |z Africa 
650 |a Africa -  |x Historia 
650 |a Arqueología 
650 |a Prehistoria 
910 |a Fondo Jesús Rodríguez 
920 |a Impresos - Libros 
930 |a Fondos Especiales 
905 |a 113 
901 |a 0500039990  |b IT2  |c ESP  |u 20250521 
902 |a https://opac.biblio.iteso.mx/vufind/Record/000102989